000 01075cam4a220027700 4500
001 lce00901118
008 730504s1971 be b 001 0 eng
010 _a 73158233 //r852
015 _aBe***
020 _c500F
035 _a(Sirsi) r78251
035 _a(DLC) 73158233 //r852
035 _a(UPRA)lce00901118
043 _ae-uk-en
050 0 _aBX830 1869
_b.C87
082 _a262/.52
100 1 _aCwiekowski, Frederick J.
_6A38118.1
245 1 4 _aThe English bishops and the first Vatican Council,
_cby Frederick J. Cwiekowski
260 _aLouvain,
_bBureaux de la R.H.E. Bibliotheque de l'Universite. Publications Universitaires de Louvain,
_c1971.
440 0 _aBibliotheque de la Revue d'histoire ecclesiastique ;
_vfasc. 52
_6S6243.1
504 _aBibliography: p. [xi]-xxv.
611 2 0 _aVatican Council (1st : 1869-1870)
_nVatican Council (1st : 1869-1870)
_dVatican Council (1st : 1869-1870)
_6S29851.1
650 0 _aBishops -- England.
_zBishops -- England.
_6S29852.1
949 _aBX830 1869
_wlcc
_i-107534
_mMAIN
_tBOOK
_lON-SHELF
004 78251
999 _c67668
_d67668